书目信息 |
| 题名: |
3分钟减压瑜伽
|
|
| 作者: | 矫林江 主编 | |
| 分册: | ||
| 出版信息: | 北京 中国纺织出版社 2010 |
|
| 页数: | 239页 | |
| 开本: | 23cm | |
| 丛书名: | ||
| 单 册: | ||
| 中图分类: | R214-64 | |
| 科图分类: | ||
| 主题词: | 瑜伽--图解 , 瑜伽 | |
| 电子资源: | ||
| ISBN: | 978-7-5064-6306-5 | |
| 000 | 01069nam0 2200277 45 | |
| 001 | 1132143546 | |
| 005 | 20110314092145.10 | |
| 010 | @a978-7-5064-6306-5@dCNY39.80 | |
| 100 | @a20110122d2010 em y0chiy50 ea | |
| 101 | 0 | @achi |
| 102 | @aCN@b110000 | |
| 105 | @aa z 000yy | |
| 106 | @ar | |
| 200 | 1 | @a3分钟减压瑜伽@A3 Fen Zhong Jian Ya Yu Ga@dThree-minute pressure-reducing Yoga@f矫林江主编@FJiao Lin Jiang Zhu Bian@zeng |
| 210 | @a北京@c中国纺织出版社@d2010 | |
| 215 | @a239页@c照片@d23cm@e附光盘1片 | |
| 300 | @a“她世纪Yoga”书屋 | |
| 307 | @a附光盘:ISBN 978-7-7986-0673-7 ISRC CN-A23-10-0008-0 | |
| 330 | @a本书让我们跟随国际瑜伽导师,用你自己的方式赶上全球的健康新浪潮——无压力学习YOGA,用简单、易学、有效的YOGA方式预防压力、排解压力。近100个快速减压方案,每次只需3分钟,让心情即时进入“屏保状态”。 | |
| 510 | 1 | @aThree-minute pressure-reducing Yoga@zeng |
| 606 | 0 | @a瑜伽@j图解 |
| 606 | 0 | @a瑜伽 |
| 690 | @aR214-64@v4 | |
| 701 | 0 | @a矫林江@AJiao Lin Jiang@4主编 |
| 801 | 0 | @aCN@bTANGWEI@c20110314 |
| 905 | @b0533122-26@dR214-64@e277@f5 | |
| 3分钟减压瑜伽=Three-minute pressure-reducing Yoga/矫林江主编.-北京:中国纺织出版社,2010 |
| 239页:照片;23cm+附光盘1片 |
| “她世纪Yoga”书屋 |
| ISBN 978-7-5064-6306-5:CNY39.80 |
| 本书让我们跟随国际瑜伽导师,用你自己的方式赶上全球的健康新浪潮——无压力学习YOGA,用简单、易学、有效的YOGA方式预防压力、排解压力。近100个快速减压方案,每次只需3分钟,让心情即时进入“屏保状态”。 |
| ● |
| 相关链接 |
|
|
|
|
正题名:3分钟减压瑜伽
索取号:R214-64/277
 
预约/预借
| 序号 | 登录号 | 条形码 | 馆藏地/架位号 | 状态 | 备注 |
| 1 | 0533122 | 205331229 | 第二样本阅览室/ [索取号:R214-64/277] | 在馆 | |
| 2 | 0533123 | 205331238 | 第三借阅区/ [索取号:R214-64/277] | 在馆 | |
| 3 | 0533124 | 205331247 | 第三借阅区/ [索取号:R214-64/277] | 在馆 | |
| 4 | 0533125 | 205331256 | 第三借阅区/ [索取号:R214-64/277] | 在馆 | |
| 5 | 0533126 | 205331265 | 密集书库-体育系/ [索取号:R214-64/277] | 在馆 |